[Event "Reykjavik Chess Club-ch 2018"]
[Site "Reykjavik"]
[Date "2018.09.21"]
[Round "5"]
[White "Viktorsson, Svavar"]
[Black "Briem, Stephan"]
[Result "0-1"]
[WhiteElo "1747"]
[BlackElo "1967"]
[Annotator "NA RC"]
[PlyCount "80"]
[EventDate "2018.09.11"]
[EventCountry "ISL"]
[SourceTitle "playchess.com"]
[Source "ChessBase"]
[SourceQuality "1"]

{[%evp 8,80,20,32,13,29,36,33,50,29,81,12,8,32767,32767,0,36,-58,83,85,92,74,86,76,72,91,100,-10,73,68,71,70,88,80,91,113,105,102,110,43,611,668,579,283,262,239,588,209,279,38,44,67,88,88,46,0,0,-40,0,0,31,-243,-258,-394,0,-527,-513,-587,-577,-684,-750,-1672,-4990,-1126,-29972]} 1. e4 c5 2. Nf3 d6 3. Bb5+ Nd7 4. O-O a6 5. Bd3 {B51: Sicilian: Moscow Variation (3 Bb5+) without 3...Bd7} Ngf6 6. c3 g6 {LiveBook: 12 Games} (6... b5 7. Bc2 Bb7 8. Re1 c4 9. a4 e6 10. axb5 axb5 11. Rxa8 Qxa8 12. Na3 Bxe4 13. Bxe4 Nxe4 {½-½ (58) Anand,V (2768)-So,W (2780) Saint Louis 2018}) 7. Bc2 Bg7 8. d4 e5 9. h3 $146 ({Predecessor:} 9. dxe5 dxe5 10. c4 O-O 11. Nc3 b6 12. Bg5 h6 13. Bxf6 Nxf6 14. Qxd8 Rxd8 {½-½ (35) Neuschmied,S (2284)-Loginov,V (2487) Innsbruck 2018}) 9... O-O 10. Be3 Qc7 11. a4 b6 12. Na3 (12. d5 $14) 12... Bb7 (12... exd4 $15 {stays ahead.} 13. cxd4 Re8) 13. d5 h6 14. Nh4 Rab8 15. Qd2 Kh7 16. g4 Qd8 {[#]} 17. g5 (17. Ng2 $1 $16) 17... Ne8 (17... Nh5 $11) 18. f4 exf4 19. Bxf4 hxg5 20. Bxg5 Bf6 21. Rxf6 Ndxf6 22. Rf1 Bc8 23. Rf3 (23. Nc4 $16) 23... Qd7 $2 (23... b5 $14) 24. Bxf6 Nxf6 25. Rxf6 Qxh3 26. Qf2 Bg4 $2 (26... Qg4+ 27. Ng2 Kg7 28. Rxd6 Qg5) 27. Rxd6 $2 (27. Nc4) 27... Kg7 {[#]} 28. Qf6+ $2 ({White should try} 28. e5 $1 $18) 28... Kg8 29. Qg5 $1 Qg3+ 30. Ng2 Qxd6 {[#]} 31. Qxg4 (31. Nc4 $1 $16 {[%cal Rc4d6]} Qc7 32. Qxg4) 31... b5 32. Nf4 Qe5 33. Nd3 Qg7 34. Nxc5 $2 {[#]} (34. Qf4 $14 {keeps the upper hand.}) 34... b4 $1 35. Nc4 Rbc8 $11 (35... bxc3 $19 36. b3 Qd4+ 37. Kf1 Qxc5) 36. cxb4 $2 (36. Nd7 $1 $11 {and White is okay.} Rxc4 37. Qf4) 36... Qd4+ 37. Kg2 Qxc4 38. Bd3 Qxb4 39. Ne6 Qxb2+ 40. Be2 fxe6 0-1

[Event "Reykjavik Chess Club-ch 2018"]
[Site "Reykjavik"]
[Date "2018.09.23"]
[Round "6"]
[White "Stefansson, Vignir Vatnar"]
[Black "Olafsson, Thorvardur"]
[Result "1-0"]
[WhiteElo "2270"]
[BlackElo "2192"]
[Annotator "TA"]
[PlyCount "55"]
[EventDate "2018.09.11"]
[EventCountry "ISL"]
[SourceTitle "playchess.com"]
[Source "ChessBase"]
[SourceQuality "1"]

{[%evp 19,55,54,43,14,10,2,-10,-3,75,17,74,68,93,96,107,104,104,91,132,112,211,220,335,137,131,141,149,137,452,459,455,458,459,416,416,403,454,439]} 1. d4 Nf6 2. Bg5 e6 3. e4 h6 4. Bxf6 Qxf6 5. Nf3 d5 6. Nbd2 Qd8 7. Bd3 dxe4 8. Nxe4 Nd7 9. O-O Be7 10. Qe2 O-O {LiveBook: 3 Games} 11. Ne5 $146 {C13: French: Classical System: 4 Bg5 Be7, Alekhine-Chatard Attack} ({Predecessor:} 11. Rad1 Bf6 12. Nxf6+ Nxf6 13. Ne5 b6 14. c4 Bb7 15. Bc2 Qe7 16. Rfe1 Rfd8 17. Qd3 g6 18. Qh3 Qf8 {1-0 (35) Tosic,S (2338)-Carnic,S (2343) Belgrade 2011}) 11... Nxe5 12. dxe5 Qd4 13. Nc3 {The position is equal.} Qb4 {[#]} (13... Qb6 $11) 14. Nb5 (14. a3 $1 $16 {[%cal Ra3b4]} Qb6 15. Qe4) 14... c6 (14... Qc5 $11) 15. c3 $16 Qh4 16. Nd4 Bc5 17. Nf3 Qg4 18. h3 Qh5 19. Qe4 {[%csl Gd3][%cal Re4h7] [#]} f5 (19... Qf5 $16) 20. exf6 $1 $18 Rxf6 (20... Qf5 {is a better defense.} 21. fxg7 Rd8) 21. Rae1 (21. Qh7+ $18 Kf7 22. Be4) 21... Qf5 $16 22. Qe2 $36 {[%mdl 2048] White is in control.} Qf4 23. Qc2 e5 $2 {[%mdl 8192]} (23... Bd7 $16) 24. Re4 $18 (24. Rxe5 Bxh3 25. Rxc5 Bxg2 $17) 24... Qg3 25. Kh1 Bxf2 {Strongly threatening ...Rxf3.} 26. Qxf2 Qxf2 27. Rxf2 Bf5 28. Bc4+ {Precision: White = 52%, Black = 22%.} 1-0

[Event "Reykjavik Chess Club-ch 2018"]
[Site "Reykjavik"]
[Date "2018.09.23"]
[Round "6"]
[White "Ragnarsson, Dagur"]
[Black "Jonsson, Gauti Pall"]
[Result "1-0"]
[WhiteElo "2249"]
[BlackElo "2100"]
[Annotator "TA"]
[PlyCount "89"]
[EventDate "2018.09.11"]
[EventCountry "ISL"]
[SourceTitle "playchess.com"]
[Source "ChessBase"]
[SourceQuality "1"]

{[%evp 10,89,22,24,36,37,44,44,60,33,29,17,36,-25,-27,-28,-29,-41,-29,-27,-38,-39,202,192,185,0,116,90,277,281,408,113,117,-201,-231,-557,139,130,128,131,133,-70,-75,-67,-63,-70,-68,-56,-47,-62,-8,-8,-8,-6,-6,-6,-6,-14,0,-21,0,0,82,75,77,64,154,0,0,0,8,8,90,8,57,0,29961,29966,29962,29964,29992,29993]} 1. d4 Nf6 2. c4 e6 3. Nf3 Bb4+ 4. Nbd2 d6 5. e3 O-O 6. Be2 {LiveBook: 8 Games} Qe7 {E11: Bogo-Indian} (6... c5 7. O-O Nc6 8. Nb3 Na5 9. Nfd2 e5 10. d5 Nxb3 11. Nxb3 a6 12. a3 Ba5 13. Nxa5 Qxa5 14. b4 {1-0 (52) Najer,E (2627)-Turov,M (2583) Dagomys 2008}) 7. O-O Bxd2 8. Nxd2 e5 {White is slightly better.} 9. d5 e4 $146 ({Predecessor:} 9... Nbd7 10. e4 Nc5 11. Qc2 a5 12. b3 Ne8 13. Qc3 Bd7 14. Qe3 {½-½ (44) Lein,A-Flesch,J Ordzhonikidze 1964}) 10. Nb3 Nbd7 11. f4 (11. Bd2 $14) 11... exf3 $1 $11 12. gxf3 Ne5 13. Nd4 Bh3 14. Rf2 c5 15. Nb5 Ne4 $2 (15... Ng6 $15 {stays ahead.}) 16. fxe4 $18 f5 17. Kh1 $2 (17. exf5 $18 Rxf5 18. Rxf5 Bxf5 19. Nc3) 17... Ng4 (17... fxe4 $11 18. Qg1 Rxf2 19. Qxf2 Rf8) 18. Rf4 $16 g5 $2 (18... h5 $16) 19. exf5 $18 (19. Bxg4 fxg4 20. Nc3 (20. Rxf8+ $2 Rxf8 21. Qe2 Qxe4+ 22. Kg1 Rf1+ 23. Qxf1 Bxf1 $19) 20... gxf4 $11) 19... h5 (19... Nxe3 {was worth a try.} 20. Bxe3 gxf4) 20. Bxg4 $2 ({Weaker is} 20. Rf3 Rxf5 21. Rxf5 Qe4+ 22. Bf3 Qxf5 $16) (20. Rxg4 $1 $18 {and the rest is easy.} hxg4 21. Qd3) 20... hxg4 $16 21. Nc3 $2 {[%mdl 8192]} (21. Rxg4 $16 {is forced if you want to stay better.} Rxf5 22. e4 Bxg4 23. Qxg4 Rf1+ 24. Kg2) 21... gxf4 $19 22. e4 $2 (22. exf4 {nothing else works.} Rae8 23. Bd2) 22... Rae8 $2 ({Black should play} 22... Qh4 $19 {( -> ...Qf2)} 23. Qd2 f3) 23. Bxf4 $16 Qf6 24. Bg3 Qd4 25. Qxd4 $2 (25. Qe2 $16) 25... cxd4 $15 26. Nb5 Rxe4 {Hoping for ...d3.} 27. Nxd6 Re2 28. Rd1 Rf6 {...d3 is the strong threat.} 29. c5 Bg2+ (29... Rxb2 $15 30. Bf4 Bg2+ 31. Kg1 Bxd5 32. Rxd4 Bf3) 30. Kg1 $11 Bxd5 31. Rxd4 Bf3 {Black wants to play ...Rg2+.} 32. b4 Rxa2 33. Be5 Rh6 34. f6 {Threatening Nf5.} Rg2+ 35. Kf1 {[#] Strongly threatening Nf5.} Rhxh2 (35... g3 $1 $11 {[%mdl 512] keeps the balance.} 36. f7+ (36. Bxg3 Rxf6) 36... Kf8 37. Bg7+ Kxg7 38. Nf5+ Kxf7 39. Nxh6+ Kg6 40. Rd6+ Kh5 41. hxg3 Rb2) 36. Bxh2 $16 Rxh2 $11 {[%mdl 4096] Endgame KRB-KRN} 37. Rf4 {Threatens to win with Rf5.} Kf8 {[#]} (37... Rh5 $14) 38. Nf5 $2 (38. Rf5 $1 $16) 38... Rb2 39. Ne7 {aiming for Ng6+.} Kf7 {[#]} 40. Ng6 $1 {[%mdl 512]} Rb1+ $1 (40... Kxg6 $2 41. f7 $18) ({Much weaker is} 40... Be2+ $6 41. Kg1 $16) 41. Kf2 Rb2+ ({Avoid the trap} 41... Kxg6 $2 42. f7 $18) (41... g3+ $5 42. Kxf3 Kxg6 $14) 42. Kg3 (42. Ke3 $1 $14 Re2+ 43. Kd4 Rd2+ 44. Kc3) 42... Rb3 $2 {[%mdl 8192]} (42... Kxg6 $11 43. f7 Rg2+ 44. Kh4 Rh2+ 45. Kg3 Rg2+ 46. Kh4 Rh2+ 47. Kg3 Rg2+) 43. Ne5+ {White mates.} Kf8 44. f7 Bd1+ 45. Kh4 {Precision: White = 47%, Black = 40%.} 1-0

[Event "Reykjavik Chess Club-ch 2018"]
[Site "Reykjavik"]
[Date "2018.09.23"]
[Round "6"]
[White "Ingvason, Johann"]
[Black "Thorfinnsson, Bjorn"]
[Result "0-1"]
[WhiteElo "2185"]
[BlackElo "2408"]
[Annotator "TA"]
[PlyCount "78"]
[EventDate "2018.09.11"]
[EventCountry "ISL"]
[SourceTitle "playchess.com"]
[Source "ChessBase"]
[SourceQuality "1"]

{[%evp 13,78,19,57,-11,-18,-21,-6,-48,-12,-53,-33,-249,-245,-245,-247,-241,-243,-608,-608,-568,-414,-407,-411,-565,-486,-499,-534,-516,-522,-951,-911,-801,-608,-602,-606,-677,-614,-612,-607,-724,-718,-777,-765,-877,-863,-833,-790,-1030,-894,-867,-853,-850,-841,-832,-825,-1065,-1031,-1368,-1320,-1058,-961,-29979,-29980,-29980,-29982,-29983,-29983]} 1. e4 e5 2. Nf3 Nc6 3. Bb5 a6 4. Ba4 f5 5. d3 fxe4 6. dxe4 Nf6 7. O-O Bc5 {LiveBook: 5 Games. C70: Ruy Lopez: 3...a6 4 Ba4, Norwegian and Delayed Schliemann} (7... d6 8. Nc3 Bg4 9. Qd3 Be7 10. h3 Bxf3 11. Qxf3 O-O 12. Ne2 Kh8 13. c3 d5 14. exd5 Nxd5 15. Qg4 Nf6 16. Qg3 Qe8 17. Bc2 Qh5 {1-0 (42) Marek,M (2344)-Plat,V (2458) Olomouc 2015}) 8. Bg5 ({White should try} 8. Bxc6 $14 bxc6 9. Nxe5) 8... d6 9. Nc3 h6 {The position is equal.} 10. Bh4 Bg4 $146 (10... g5 $5 {[%cal Rg5h4]} 11. Bg3 O-O $15) ({Predecessor:} 10... g5 11. Bg3 O-O 12. Qd2 Qe7 13. Bb3+ Kh8 14. h4 Nh5 15. Kh2 Rxf3 16. gxf3 Qd7 17. Rh1 Qh3+ 18. Kg1 Qxg3+ 19. Kf1 Qxf3 20. Rg1 Bh3+ 21. Ke1 {0-1 (21) Giss,A (2066)-Keller,M (2150) Bayern 2009}) 11. Qd3 g5 {[#] aiming for ...Bxf3.} 12. Nxg5 $2 (12. Bg3 $15) 12... hxg5 $19 13. Bxg5 Rh5 14. Be3 b5 15. Nxb5 $2 (15. Bb3) 15... axb5 16. Bxb5 Bd7 17. Bxc5 dxc5 18. Qg3 {If White can now play f4 this consolidates a bit.} Qe7 19. Rfd1 Nd4 20. Bxd7+ Qxd7 (20... Kxd7 $2 21. c3 $19) 21. Qd3 Qh7 22. h3 Qxe4 23. Qxe4 Nxe4 24. c3 Ne6 25. Re1 Nd6 26. a3 Kd7 27. Rad1 Nf4 28. g3 Nxh3+ 29. Kg2 Rf8 30. f3 Ng5 31. Rxe5 {[#]} Rh2+ $1 {[%mdl 512]} 32. Kxh2 Nxf3+ 33. Kg2 Nxe5 34. b4 c4 35. a4 Ke6 36. Re1 Nf5 37. a5 Rg8 {Black mates.} 38. b5 Rxg3+ 39. Kh1 Rxc3 {Precision: White = 14%, Black = 64%.} 0-1

[Event "Reykjavik Chess Club-ch 2018"]
[Site "Reykjavik"]
[Date "2018.09.23"]
[Round "6"]
[White "Mai, Alexander Oliver"]
[Black "Bjornsson, Eirikur K"]
[Result "1-0"]
[WhiteElo "1940"]
[BlackElo "1958"]
[Annotator "NA RC"]
[PlyCount "81"]
[EventDate "2018.09.11"]
[EventCountry "ISL"]
[SourceTitle "playchess.com"]
[Source "ChessBase"]
[SourceQuality "1"]

{[%evp 8,81,28,0,28,2,19,32767,32767,32767,25,2,27,16,34,4,14,0,20,0,21,-18,-8,-199,-21,-197,9,23,76,39,96,88,77,88,89,70,78,86,97,78,84,68,173,188,197,5,3,4,5,0,0,0,0,0,222,237,397,32767,32767,32767,32767,32767,32767,32767,32767,725,763,819,782,967,1057,32767,1402,975,32767,963]} 1. d4 Nf6 2. Bf4 c5 3. e3 g6 4. c3 Bg7 5. Nf3 O-O 6. Be2 d6 7. h3 Be6 8. Nbd2 Qb6 {A48: 1 d4 Nf6 2 Nf3 g6: Torre, London and Colle Systems} 9. Qc2 {LiveBook: 9 Games} Rc8 (9... Nc6 10. Ng5 Bd7 11. Nc4 Qd8 12. dxc5 dxc5 13. Rd1 b5 14. Ne5 Nxe5 15. Bxe5 Qc8 16. Bxf6 Bxf6 {0-1 (46) Palchun,G (2451)-Kokarev,D (2608) St Petersburg 2018}) 10. dxc5 Qxc5 11. O-O Nc6 12. e4 Qa5 13. a3 $146 ({Predecessor:} 13. Rfe1 b5 14. a3 h6 15. Bd3 Nd7 16. Nb3 {0-1 (25) Tolhuizen,L (2117)-Gormally,D (2488) Douglas 2014}) 13... d5 14. Ng5 Bd7 15. exd5 $2 (15. Qd1 $11) 15... Nxd5 (15... Nd4 $1 $17 {[%cal Rd4c2]} 16. Qd1 Nxd5 17. cxd4 Nxf4) 16. Nc4 $2 (16. Qe4 $11 {and White stays safe.}) 16... Qd8 $2 ({Black should try} 16... Nd4 $1 $19 17. cxd4 Nxf4 18. Nxa5 Rxc2) 17. Bg3 h6 (17... b5 $11 {remains equal.} 18. Qd2 Nf6) 18. Nf3 Nb6 19. Rad1 Qe8 20. Nxb6 axb6 21. Qd2 Be6 22. Qe3 Bb3 23. Rd2 ({Natürlich nicht} 23. Qxb6 $6 Bxd1 24. Rxd1 e5 $11) 23... Na5 24. Ne5 Rc5 (24... b5 $14) 25. Nd7 Rc6 26. Bb5 $2 (26. Nxb6 $18 Re6 27. Qc5) 26... Nc4 27. Bxc4 $1 Bxc4 28. Rb1 Re6 29. Qf3 Bb5 30. Qxb7 Rc8 $2 (30... Bc6 $11 {und Schwarz muss sich keine Sorgen machen.} 31. Qc7 Rc8) 31. Nxb6 Rcc6 $18 (31... Rd8 {might work better.} 32. Nd5 Bc6) 32. Nd5 Ba6 33. Qb4 Rc4 34. Qa5 Kh7 35. Nc7 Ra4 36. Qxa6 Raxa6 37. Nxe8 Reb6 38. Nxg7 Rxa3 39. Ne8 Rxc3 40. bxc3 Rxb1+ 41. Kh2 1-0

[Event "Reykjavik Chess Club-ch 2018"]
[Site "Reykjavik"]
[Date "2018.09.26"]
[Round "7"]
[White "Thorfinnsson, Bjorn"]
[Black "Ornolfsson, Magnus P"]
[Result "1-0"]
[WhiteElo "2408"]
[BlackElo "2227"]
[Annotator "ChessBase"]
[PlyCount "83"]
[EventDate "2018.09.11"]
[EventCountry "ISL"]
[SourceTitle "playchess.com"]
[Source "ChessBase"]
[SourceQuality "1"]

1. d4 Nf6 2. Nf3 d5 3. c4 e6 4. Nc3 c6 5. Qc2 Nbd7 6. e3 Bd6 7. g4 Nxg4 8. Rg1 Nxh2 9. Nxh2 Bxh2 10. Rxg7 Bd6 11. Rxh7 Qf6 12. Bd2 Rxh7 13. Qxh7 Nf8 14. Qh1 Bd7 15. f4 O-O-O 16. O-O-O Ng6 17. Bd3 Rh8 18. Qf1 Rh2 19. f5 Ne7 20. fxe6 Qxe6 21. e4 Qh3 22. e5 Bb4 23. Qxf7 Bg4 24. Qe8+ Kc7 25. Nb5+ cxb5 26. Bxb4 Nc6 27. Qf7+ Bd7 28. e6 Qe3+ 29. Kb1 bxc4 30. Qxd7+ Kb6 31. Bc5+ Ka6 32. Qxd5 cxd3 33. Qc4+ b5 34. Qxd3 Qxe6 35. d5 Qe5 36. Qa3+ Na5 37. b4 Qe4+ 38. Ka1 Qc2 39. Qxa5+ Kb7 40. Qxa7+ Kc8 41. Qa8+ Kd7 42. Qc6+ {Ke8} 1-0

[Event "Reykjavik Chess Club-ch 2018"]
[Site "Reykjavik"]
[Date "2018.09.27"]
[Round "7"]
[White "Olafsson, Thorvardur"]
[Black "Ingvason, Johann"]
[Result "1-0"]
[WhiteElo "2192"]
[BlackElo "2185"]
[Annotator "TA"]
[PlyCount "119"]
[EventDate "2018.09.11"]
[EventCountry "ISL"]
[SourceTitle "playchess.com"]
[Source "ChessBase"]
[SourceQuality "1"]

{[%evp 13,119,58,61,53,58,54,54,49,58,58,62,51,54,34,29,28,41,38,59,53,68,56,68,72,77,52,65,25,22,18,25,25,33,36,36,36,36,36,38,45,76,79,93,91,178,175,190,190,197,195,218,214,197,202,193,193,181,150,301,301,303,300,315,297,294,162,209,144,144,145,969,791,952,684,605,598,6524,6524,4320,3308,29962,857,29972,29972,29965,29968,29967,0,29939,6091,29971,29968,29963,29958,8856,8036,29941,6426,29982,29982,29987,29988,29989,29986,29988,29989,29989,29990]} 1. e4 e5 2. Nf3 Nf6 3. Nc3 Nc6 4. d4 exd4 5. Nxd4 Be7 6. Nxc6 dxc6 7. Qxd8+ Bxd8 8. f3 {C47: Scotch Four Knights and Four Knights with 4 g3} (8. Bf4 Be6 9. h3 O-O 10. Be2 Rc8 11. O-O-O h6 12. a3 Be7 13. Bh2 g6 14. Rhf1 Ne8 15. f4 f5 16. exf5 gxf5 {1-0 (40) Gaponenko,I (2405)-Klek,H (2239) Erfurt 2012}) 8... Be6 9. Ne2 {[%cal Bc3e2,Be2f4,Bf4d3,Bd3c5][%mdl 32]} Be7 10. Nf4 $146 {White is slightly better.} ({Predecessor:} 10. Nd4) 10... Bd7 11. Be3 a5 12. Nd3 O-O 13. Nc5 Bc8 14. O-O-O b6 15. Nd3 Rd8 16. Ne5 {aiming for Rxd8+.} Rxd1+ 17. Kxd1 Bd7 18. Nxd7 Nxd7 19. Kc1 Bc5 20. Bxc5 Nxc5 $14 {[%mdl 4096] Endgame KRB-KRN} 21. Be2 Rd8 22. Rd1 {[%cal Rd1d8]} Rd6 23. e5 Rxd1+ 24. Kxd1 {KB-KN} g5 25. g3 Kg7 26. Kd2 Nd7 27. f4 gxf4 28. gxf4 Nc5 (28... f6 $16) 29. Bf3 $1 $18 f6 30. exf6+ ({Don't do} 30. Bxc6 $6 fxe5 31. fxe5 Kg6 $16) 30... Kxf6 31. Bxc6 h6 32. Ke3 Ke6 33. a3 {[%cal Ba2a3,Ba3b4][%mdl 32]} Kd6 34. Bb5 c6 35. Bd3 b5 $2 (35... Ke7 $16 {was called for.} 36. Be2 Na4) 36. b4 axb4 37. axb4 Nd7 38. Kd4 Nf6 {[#]} 39. Be4 (39. c4 $142 $1) 39... Ng4 40. Bf3 Nf6 41. c3 {[%cal Bc2c3,Bc3b4][%mdl 32]} Nd7 $2 {[%mdl 8192] [#]} (41... Ng8 $16 42. f5 Nf6) 42. Ke4 $1 {[%cal Re4f5]} c5 43. Kf5 cxb4 44. cxb4 Nf8 45. Kf6 Ne6 46. f5 Nd4 47. Be4 (47. Bg4 $142 Nc6 48. Kg7 Ne5 49. f6 Kc7 50. f7 Nxg4 51. f8=Q Ne5 52. Qf4) 47... h5 48. h4 Ne2 49. Kg7 Nf4 50. Kf6 Ne2 $1 51. Bf3 Ng3 52. Bb7 Kc7 53. Bg2 Kd7 54. Bd5 Ne2 55. Kg7 Nf4 56. Bb3 {White mates.} Ng2 57. f6 {[%cal Bf5f6,Bf6f7][%mdl 32]} Nxh4 58. Bc2 Nf3 59. f7 Nd4 60. Kf6 {Precision: White = 73%, Black = 29%.} 1-0

[Event "Reykjavik Chess Club-ch 2018"]
[Site "Reykjavik"]
[Date "2018.09.26"]
[Round "7"]
[White "Jonsson, Gauti Pall"]
[Black "Stefansson, Vignir Vatnar"]
[Result "0-1"]
[WhiteElo "2100"]
[BlackElo "2270"]
[Annotator "TA"]
[PlyCount "64"]
[EventDate "2018.09.11"]
[EventCountry "ISL"]
[SourceTitle "playchess.com"]
[Source "ChessBase"]
[SourceQuality "1"]

{[%evp 12,64,67,27,28,35,30,27,18,31,28,-54,-70,-51,-29,-102,-116,-112,-120,-128,-110,-145,-156,-139,-148,-162,-161,-152,-118,-144,-132,-151,-127,-203,-209,-369,-386,-370,-374,-410,-416,-408,-412,-406,-403,-453,-462,-553,-500,-626,-655,-697,-691,-29996,-29997]} 1. e4 d5 2. exd5 Qxd5 3. Nc3 Qd6 4. d4 Nf6 5. Nf3 c6 6. h3 {B01: Scandinavian Defence} g6 7. Ne5 {LiveBook: 5 Games} Nbd7 {[%cal Bb8d7,Bd7b6,Bb6d5][%mdl 32]} 8. Nc4 $146 {White has an edge.} ({Predecessor:} 8. Bf4 Nxe5 9. Bxe5 Qb4 10. a3 Qa5 11. Bc4 Bg7 12. O-O O-O 13. Qe2 Bf5 {1-0 (55) Vallejo Pons,F (2706)-Georgiev,K (2636) Khanty-Mansiysk 2013}) 8... Qc7 9. Qf3 Nb6 10. Bf4 Qd8 11. d5 (11. Nxb6 $11 Qxb6 12. O-O-O) 11... Nbxd5 $15 12. O-O-O Be6 13. g4 (13. Ne3 $1 $11 {remains equal.} Qa5 14. Nc4) 13... Bg7 14. Bg2 O-O 15. Be5 Qc8 16. g5 {[#]} Nh5 $1 {[%cal Bf6h5,Bh5g7,Bg7f5,Bf5g3][%mdl 32]} 17. Bxg7 Nxg7 ({Don't play} 17... Kxg7 18. Nxd5 Bxd5 19. Qc3+ Kg8 20. Bxd5 $17) 18. Ne4 Qc7 19. Kb1 b6 20. Ne3 Nxe3 21. fxe3 Bd5 22. Rdf1 (22. Qg4 $17) 22... Nf5 $19 {White must now prevent ...Ng3!} 23. Rf2 $2 (23. Rhg1) 23... Bxe4 24. Qxe4 {[#]} Ng3 $1 {[%csl LRe4,LRh1][%cal Rg3e4]} 25. Qg4 Nxh1 26. Bxh1 Rad8 27. a3 c5 28. h4 Qd7 29. Qg2 c4 30. h5 c3 {...Qd1+ is the strong threat.} 31. bxc3 Qb5+ 32. Ka2 Rd1 {Precision: White = 33%, Black = 91%.} 0-1

[Event "Reykjavik Chess Club-ch 2018"]
[Site "Reykjavik"]
[Date "2018.09.26"]
[Round "7"]
[White "Mai, Aron Thor"]
[Black "Ragnarsson, Dagur"]
[Result "0-1"]
[WhiteElo "2062"]
[BlackElo "2249"]
[Annotator "TA"]
[PlyCount "61"]
[EventDate "2018.09.11"]
[EventCountry "ISL"]
[SourceTitle "playchess.com"]
[Source "ChessBase"]
[SourceQuality "1"]

{[%evp 20,61,17,5,43,7,16,24,22,24,33,31,35,24,59,73,79,22,32,-52,-36,-106,-115,-187,-175,-164,-158,-211,-210,-721,-722,-689,-696,-29992,-29993,-29993,-29994,-29995,-29996,-29996,-29997,-29997,-29998,-29999]} 1. Nf3 Nf6 2. c4 c5 3. g3 Nc6 4. Bg2 d5 5. cxd5 Nxd5 6. Nc3 Nc7 7. O-O e5 8. d3 Be7 9. Nd2 Bd7 10. Nc4 f6 11. a4 {LiveBook: 49 Partien. A34: Englische Eröffnung (Symmetrische Variante)} Rb8 12. Nb5 $146 ({Vorgänger:} 12. f4 O-O 13. fxe5 Nxe5 14. Bf4 Ng6 15. Bxc7 Qxc7 16. Nb5 Qd8 17. Nxa7 f5 18. e3 Be6 {1-0 (56) Feher,G (2344)-Szabo,B (2255) Hungary 2009}) 12... O-O 13. Bxc6 {Die Stellung ist ausgeglichen.} bxc6 14. Nxc7 Qxc7 15. Qc2 Bh3 16. Re1 f5 17. f4 Bf6 18. Be3 ({Günstiger ist} 18. Nxe5 $16 Bxe5 19. Qc4+ (19. fxe5 Qxe5 20. Qc4+ Qd5 $11) 19... Qf7 20. Qxf7+ Rxf7 21. fxe5) 18... Rfe8 $11 19. Bxc5 ({Lieber} 19. Rab1 $14) 19... exf4 $15 20. Bd6 (20. Nd6 $15 Re7 21. Qc4+ Kh8 22. Qxf4) 20... Bd4+ $17 21. e3 {[#]} (21. Kh1 $17 Qf7 22. Bxf4) 21... Rxe3 $1 $19 {[%mdl 512]} 22. Rxe3 (22. Nxe3 Qxd6) 22... Bxe3+ 23. Kh1 (23. Nxe3 $17 {war angesagt.} Qxd6 24. Nc4 Qd4+ 25. Qf2 Qxd3 26. Qxf4) 23... Qd7 {Weiss muss nun ...Ld4 beachten.} 24. gxf4 $2 (24. Nxe3 Qxd6 25. Qc4+ Kf8 26. Qxf4 Qxf4 27. gxf4) 24... Bd4 25. Re1 c5 26. Bxb8 {[#] Droht stark Sd6.} Qc6+ {Schwarz setzt Matt.} 27. Re4 fxe4 28. dxe4 Qg6 {[%csl Gd4][%cal Rg6g1]} 29. Ne3 Bxe3 {[%csl Ge3][%cal Rg6g1]} 30. Qb3+ Kh8 {[%cal Rg6e4]} 31. Qd1 {Precision: Weiß = 21%, Schwarz = 50%.} 0-1

[Event "Reykjavik Chess Club-ch 2018"]
[Site "Reykjavik"]
[Date "2018.09.26"]
[Round "7"]
[White "Andrason, Pall"]
[Black "Mai, Alexander Oliver"]
[Result "1/2-1/2"]
[WhiteElo "1843"]
[BlackElo "1940"]
[Annotator "NA RC"]
[PlyCount "28"]
[EventDate "2018.09.11"]
[EventCountry "ISL"]
[SourceTitle "playchess.com"]
[Source "ChessBase"]
[SourceQuality "1"]

{[%evp 8,28,8,8,0,0,9,-11,0,-8,0,-13,-10,-32,-6,-8,0,-10,-4,-5,-2,-7,-2]} 1. d4 d5 2. c4 e6 3. cxd5 exd5 4. Nf3 Nf6 5. Nc3 c6 6. Bf4 Bd6 7. Bg3 O-O 8. e3 Bf5 9. Bd3 Bxd3 10. Qxd3 $15 {LiveBook: 3 Games} Re8 11. Bxd6 Qxd6 12. Ne5 Nfd7 13. Nxd7 Nxd7 14. O-O Rad8 1/2-1/2